LIBRARY & INFORMATION CENTRE, KCAET, TAVANUR

ONLINE PUBLIC ACCESS CATALOGUE (OPAC)

Design, construction and uses of trawl fishing gear (Record no. 15596)

MARC details
000 -LEADER
fixed length control field 00387nam a22001457a 4500
003 - CONTROL NUMBER IDENTIFIER
control field OSt
008 - FIXED-LENGTH DATA ELEMENTS--GENERAL INFORMATION
fixed length control field 190517b ||||| |||| 00| 0 eng d
020 ## - INTERNATIONAL STANDARD BOOK NUMBER
ISBN 9789351246398
082 ## - DEWEY DECIMAL CLASSIFICATION NUMBER
Classification number 639.20954
Item number BIS/DE
100 ## - MAIN ENTRY--AUTHOR NAME
Personal name Biswas, K P
245 ## - TITLE STATEMENT
Title Design, construction and uses of trawl fishing gear
260 ## - PUBLICATION, DISTRIBUTION, ETC. (IMPRINT)
Place of publication New Delhi
Name of publisher Daya Publishing House
Year of publication 2015
300 ## - PHYSICAL DESCRIPTION
Number of Pages 238 p.
942 ## - ADDED ENTRY ELEMENTS (KOHA)
Koha item type Books
Holdings
Withdrawn status Lost status Damaged status Collection code Home library Current library Shelving location Date acquired Cost, normal purchase price Full call number Accession Number Koha item type
      Non-fiction KAUAET KAUAET General Stacks 17/05/2019 1495.00 639.20954 BIS/DE 25820 Books
free website counter